Every Song by X Ambassadors - Statistics

General Stats
  • This quiz has been taken 6 times
  • The average score is 5 of 107
Answer Stats
Album Song % Correct
VHS(2015) Jungle
80%
VHS(2015) Renegades
80%
VHS(2015) Unsteady
80%
ORION(2019) Boom
60%
The Beautiful Liar(2021) Beautiful Liar
20%
Belong(2020) Belong
20%
Non-Album(2023) Deep End
20%
VHS(2015) Fear
20%
Townie(2024) (first dam)
20%
Litost(2012) Litost
20%
Love Songs Drug Songs(2013) Love Songs Drug Songs
20%
VHS(2015) Low Life
20%
VHS 2.0(2016) Low Life 2.0
20%
Non-Album(2020) Zen
20%
The Beautiful Liar(2021) A Brief Word From Our Sponsors--
0%
VHS(2015) Adam & Noah's Priorities
0%
The Beautiful Liar(2021) Adrenaline
0%
Non-Album(2017) Ahead of Myself
0%
Non-Album(2023) Alcohol
0%
Ambassadors(2009) All You Got
0%
The Beautiful Liar(2021) Author's Note
0%
VHS(2015) B.I.G.
0%
Ambassadors(2009) Bodybag
0%
Love Songs Drug Songs(2013) Brother
0%
The Beautiful Liar(2021) Bullshit
0%
Litost(2012) Caged Animals
0%
The Beautiful Liar(2021) Chapter One: The Sleeping Giant
0%
The Beautiful Liar(2021) Chapter Two: Enter the Shadow
0%
VHS 2.0(2016) Collider
0%
ORION(2019) Confidence
0%
The Beautiful Liar(2021) Conversations With My Friends
0%
Non-Album(2023) Devastation
0%
Non-Album(2018) Don't Stay
0%
Love Songs Drug Songs(2013) Down with Me
0%
Belong(2020) Everything Sounds Like a Love Song
0%
VHS 2.0(2016) Eye of the Storm
0%
Townie(2024) Fallout
0%
Litost(2012) Falls
0%
VHS(2015) Feather
0%
VHS(2015) First Show
0%
Townie(2024) Follow the Sound of My Voice
0%
The Reason(2014) Free & Lonely
0%
Non-Album(2023) Friend for Life
0%
The Reason(2014) Giants
0%
VHS(2015) Good News on the Remix
0%
VHS(2015) Gorgeous
0%
Non-Album(2019) Great Unknown
0%
Townie(2024) Half-Life
0%
VHS(2015) Hang On
0%
Belong(2020) | ORION(Bonus)(2019) Happy Home
0%
Non-Album(2023) Happy People
0%
ORION(2019) Hey Child
0%
ORION(2019) History
0%
ORION(2019) Hold You Down
0%
Non-Album(2017) Hoping
0%
The Beautiful Liar(2021) I Can See The Light...
0%
ORION(2019) I Don't Know How to Pray
0%
Townie(2024) I'm Not Really Here
0%
Non-Album(2018) JOYFUL
0%
VHS 2.0(2016) Kerosene Dreams
0%
Ambassadors(2009) Keys
0%
Litost(2012) Lay Me Down
0%
The Beautiful Liar(2021) Love Is Death
0%
VHS(2015) Loveless
0%
Ambassadors(2009) Minotaur
0%
Ambassadors(2009) Mirrortalk
0%
VHS(2015) Moving Day
0%
The Beautiful Liar(2021) My Own Monster
0%
VHS(2015) Naked
0%
VHS(2015) Nervous
0%
Townie(2024) No Strings
0%
Non-Album(2016) Not Easy
0%
Litost(2012) (O Death)
0%
The Beautiful Liar(2021) Okay
0%
Non-Album(2019) Optimistic
0%
The Beautiful Liar(2021) Palo Santo
0%
ORION(2019) Quicksand
0%
Townie(2024) Rashad
0%
ORION(2019) Recover
0%
The Beautiful Liar(2021) Reincarnated
0%
ORION(2019) Rule
0%
ORION(2019) Shadows
0%
The Reason(2014) Shining
0%
Non-Album(2020) skip.that.party
0%
VHS(2015) Smoke
0%
Townie(2024) Smoke On the Highway
0%
The Beautiful Liar(2021) Somebody Who Knows You
0%
Townie(2024) Start a Band
0%
Love Songs Drug Songs(2013) Stranger
0%
Townie(2024) Sunoco
0%
VHS(2015) Superpower
0%
The Beautiful Liar(2021) Theater of War
0%
The Reason(2014) The Business
0%
Non-Album(2017) The Devil You Know
0%
Non-Album(2017) Torches
0%
Non-Album(2020) torture
0%
Ambassadors(2009) Tropisms
0%
Non-Album(2020) ultraviolet.tragedies
0%
Litost(2012) Unconsolable
0%
VHS(2015) VHS Outro
0%
ORION(2019) Wasteland
0%
Non-Album(2021) Water
0%
Litost(2012) Weight/Lightness
0%
Townie(2024) Women's Jeans
0%
VHS(2015) Y2K Time Capsule
0%
Townie(2024) Your Town
0%
No matching quizzes found
Score Distribution
Percent of People with Each Score
Percentile by Number Answered
Your Score History
You have not taken this quiz